Most Populous Countries Without Megacities - Statistics

General Stats
  • This quiz has been taken 997 times
  • The average score is 15 of 20
Answer Stats
Population Country % Correct
81,413,145 Germany
87%
46,418,269 Spain
87%
60,802,085 Italy
86%
35,851,774 Canada
82%
99,390,750 Ethiopia
82%
39,666,519 Algeria
81%
37,999,494 Poland
80%
53,470,420 Tanzania
78%
45,198,200 Ukraine
77%
91,703,800 Vietnam
77%
46,050,302 Kenya
76%
40,234,882 Sudan
71%
36,423,395 Iraq
70%
48,228,704 Colombia
69%
34,377,511 Morocco
69%
31,540,372 Saudi Arabia
69%
53,897,154 Myanmar
63%
32,526,562 Afghanistan
58%
39,032,383 Uganda
55%
31,299,500 Uzbekistan
37%
No matching quizzes found
Score Distribution
Percent of People with Each Score
Percentile by Number Answered
Your Score History
You have not taken this quiz